Dinâmica demográfica e crescimento da força de trabalho no Brasil: 1980 2000 /
Gespeichert in:
| 1. Verfasser: | |
|---|---|
| Körperschaft: | |
| Weitere Verfasser: | |
| Format: | Text |
| Veröffentlicht: |
Recife:
Manssangana
|
| Tags: |
Tag hinzufügen
Keine Tags, Fügen Sie den ersten Tag hinzu!
|
MARC
| LEADER | 00000 a a2200000 04500 | ||
|---|---|---|---|
| 001 | 22172 | ||
| 003 | |||
| 040 | |||
| 020 | |a 85-7019-107-3 | ||
| 090 | |a 150200 | ||
| 100 | |a Camarano, Ana Amélia | ||
| 110 | |a Fundâçao Joaquim Nabuco | ||
| 245 | |a Dinâmica demográfica e crescimento da força de trabalho no Brasil: 1980 2000 / |c Ana Amelia Camarano | ||
| 260 | |a Recife: |b Manssangana | ||
| 300 | |a 139 p. |b **no definido** |b fonodiscos | ||
| 700 | |a coord |a Moura, Hélio Augusto de |a Albuquerque, Ana María Prado de/ |c Britto Lyra, María Renaje de | ||
| 999 | |c 16076 |d 16076 | ||



